000 01542nam a2200217Ia 4500
003 Ost
005 20260507075006.0
008 260507s9999||||xx |||||||||||||| ||und||
040 _cfsecg
041 _aara
082 _a346.07
100 _aالطويل، خالد شمسان
_eمؤلف
245 0 _aالتزامات التاجر الاجرائية في القانون التجاري :
_b دراسة مقارنة /
_c خالد شمسان الطويل
260 _aالاسكندرية:
_bالمكتب الجامعي الحديث,
_c2008
300 _a168 صفحة؛
_c24 سم
504 _aبيبليوغرافيا: ص. 157-165
520 _aمفهوم التزامات التاجر الاجرائية و أهميتها ،ماهية التزامات التاجر الاجرائية، اهمية التزامات التاجر الاجرائية، نطاق التزامات التاجر الاجرائية، النطاق الشخصي لالتزامات التاجر الاجرائية، النطاق النوعي لالتزامات التاجر الاجرائية تنظيم التزامات التاجر الاجرائية و حجيتها في الاثبات تنظيم التزامات التاجر الاجرائية، الحجية القانونية لبيانات التزامات التاجر الاجرائية، الجزاءات المترتبة على عدم قيام التاجر بالتزاماته الاجرائية.
653 _aالالتزامات
653 _aالقانون التجاري
942 _cكتاب
999 _c42113
_d42113